Werde zum Dichter - Statistiken

Allgemein
  • Dieses Quiz wurde 284 mal gespielt
  • Das Durchschnittsergebnis liegt bei 17 aus 24
Antwortstatistiken
IM VOGELWALD % Korrekt
Der Kauz schimpft seinen Freund, den {Specht}:
88%
Doch wenn der Tag zu Ende {geht},
88%
im Wald ein milder Südwind {weht},
88%
„Dein Klopfen ist mir gar nicht {recht}.“
87%
Dem Kuckuck wirft die Amsel {vor},
82%
Ein Vogel, der den Wald be{wohnt},
81%
ist lauter als ein Düsen{jet}.
80%
Auch die großen schwarzen {Raben},
79%
bleibt nicht von Störungen ver{schont}.
79%
„Du bist auch nicht grade {leise}!“
78%
Die entgegnet, klug und {weise}:
77%
er sei ein Unglück für ihr {Ohr}.
70%
sind wahrlich keine Sänger{knaben}.
69%
damit Madame mich nicht ver{lässt}.“
68%
Der sagt: „Ich brauch‘ ganz schnell ein {Nest},
68%
Der Spatz beschwert sich bei der {Eule},
68%
ihn nervt ihr nächtliches Ge{heule}.
68%
Ihr Abendstreit ums beste {Bett}
68%
Und wenn ihr süßes Lied er{tönt},
67%
du klingst wie ‘ne kaputte {Uhr}!“
62%
wenn Sterne funkeln über{all},
62%
dann meldet sich die {Nachtigall}.
61%
sind alle Vögel schnell ver{söhnt}.
58%
„Das ist doch wider die {Natur},
52%
Keine übereinstimmenden Quizze gefunden
Verteilung der Resultate
Anzahl Personen mit jedem Resultat
Perzentil nach korrekt beantworteten Fragen
Ihre Resultats-Entwicklung
Sie haben dieses Quiz noch nicht gespielt